[Event "AUTO-ADV-2928"]
[Site "http://www.queenalice.com/game.php?id=1206608"]
[Date "2013.8.9"]
[Round "1"]
[White "hacamarguinho"]
[Black "Marcos_Dal_Ri"]
[Result "1-0"]
[WhiteElo "1806"]
[BlackElo "1750"]

1. e4 e5 2. Nf3 Nc6 3. Bb5 d6 4. O-O Nf6 5. Nc3 Bd7 6. d3 Be7 7. Bg5 O-O 8. a3
h6 9. Bxf6 Bxf6 10. Nd5 a6 11. Bxc6 Bxc6 12. Nxf6+ Qxf6 13. Qe2 b5 14. b4 d5 15.
Rfe1 d4 16. Rac1 Bd7 17. c3 c6 18. cxd4 exd4 19. e5 Qg6 20. Nxd4 Rae8 21. Qe4 f5
22. Qf4 Rf7 23. e6 Bxe6 24. Rxc6 Bd5 25. Rxe8+ Kh7 26. Rxg6 Kxg6 27. Qd6+ 1-0

[Event "AUTO-ADV-2928"]
[Site "http://www.queenalice.com/game.php?id=1206609"]
[Date "2013.8.9"]
[Round "1"]
[White "Marcos_Dal_Ri"]
[Black "hacamarguinho"]
[Result "1-0"]
[WhiteElo "1717"]
[BlackElo "1619"]

1. d4 Nf6 2. Bf4 e6 3. e3 Bb4+ 4. c3 Be7 5. Bd3 O-O 6. Nf3 b6 7. O-O Bb7 8. h3
Nh5 9. Bh2 d6 10. Nfd2 Nf6 11. Nf3 Nbd7 12. b4 d5 13. a3 Ne4 14. Ne5 Nxe5 15.
dxe5 f6 16. f3 Ng5 17. f4 Nf7 18. Qc2 h6 19. Bg6 Ba6 20. Rf2 c5 21. Bg3 f5 22.
Rd2 Bh4 23. Bxh4 Qxh4 24. Kh2 Bb7 25. g3 Qe7 26. Rd1 Nh8 27. Bh5 Rac8 28. b5 a6
29. a4 a5 30. Na3 Rcd8 31. Bf3 Qc7 32. Qe2 c4 33. Nc2 Qe7 34. Nd4 Rfe8 35. h4
Kh7 36. Kh3 g6 37. g4 1-0

[Event "AUTO-ADV-2928"]
[Site "http://www.queenalice.com/game.php?id=1206610"]
[Date "2013.8.9"]
[Round "1"]
[White "hacamarguinho"]
[Black "VFA2013"]
[Result "0-1"]
[WhiteElo "1820"]
[BlackElo "2023"]

1. e4 e5 2. Nf3 Nc6 3. Bb5 a6 4. Ba4 Nf6 5. O-O Nxe4 6. Re1 d5 7. Nxe5 Bc5 8.
Bxc6+ bxc6 9. d4 Qf6 10. Nf3 Bd6 11. Nc3 O-O 12. Nxe4 dxe4 13. Rxe4 Qg6 14. Re1
Bg4 15. Be3 Qh5 16. b3 Bxh2+ 17. Kf1 Bd6 18. Ke2 Qf5 19. Kd2 Bb4+ 20. c3 Bd6 21.
Kc1 Rfe8 22. Kb2 a5 23. Qc2 Qxc2+ 24. Kxc2 a4 25. Nd2 Bf5+ 26. Kb2 axb3 27. axb3
Reb8 28. g3 Kf8 29. Nc4 Be6 30. Na5 Rb5 31. Nxc6 Rxb3+ 32. Kc2 Rxa1 33. Rxa1 f5
34. Ra8+ Kf7 35. Bg5 Bd5 36. Ne5+ Bxe5 37. dxe5 Rxc3+ 38. Kxc3 Bxa8 39. Bf4 Ke6
40. Kd4 Bd5 41. Be3 c6 42. f4 Kf7 43. Kc5 Kg6 44. Kd6 Kh5 45. e6 Bxe6 46. Kxe6
g6 47. Kd6 Kg4 48. Bf2 Kf3 49. Be1 Ke2 50. Bc3 Kf2 51. Bf6 Kxg3 52. Bg5 h5 0-1

[Event "AUTO-ADV-2928"]
[Site "http://www.queenalice.com/game.php?id=1206611"]
[Date "2013.8.9"]
[Round "1"]
[White "VFA2013"]
[Black "hacamarguinho"]
[Result "1-0"]
[WhiteElo "1908"]
[BlackElo "1830"]

1. d4 Nf6 2. c4 e6 3. Nc3 Bb4 4. Bg5 Be7 5. Nf3 O-O 6. e3 d6 7. Bd3 Nc6 8. O-O
d5 9. cxd5 Nxd5 10. Bxe7 Ncxe7 11. a3 b6 12. Qc2 Ng6 13. Rac1 Nf6 14. Ne2 c5 15.
Bxg6 fxg6 16. dxc5 b5 17. b4 a6 18. Ned4 Nd5 19. Qe4 Qf6 20. Ne5 Ra7 21. Rfd1
Qxf2+ 22. Kh1 Nxe3 23. Nd3 Qxg2+ 24. Qxg2 Nxg2 25. Kxg2 Raf7 26. Ne5 Rf2+ 27.
Kg3 Ra2 28. Ra1 Rff2 29. Rxa2 Rxa2 30. Rd3 Ra1 31. Ndc6 1-0

[Event "AUTO-ADV-2868"]
[Site "http://www.queenalice.com/game.php?id=1212583"]
[Date "2013.8.28"]
[Round "2"]
[White "Artking"]
[Black "hacamarguinho"]
[Result "1-0"]
[WhiteElo "1934"]
[BlackElo "1812"]

1. e4 e5 2. Nf3 Nc6 3. Bb5 d6 4. c3 Bd7 5. O-O Be7 6. d3 Nf6 7. Nbd2 O-O 8. Re1
a6 9. Ba4 b5 10. Bb3 Qc8 11. a4 b4 12. Nc4 Be6 13. Ng5 Bg4 14. f3 Bh5 15. h4 Nd7
16. g4 Nf6 17. gxh5 Nxh5 18. Ne3 Bxg5 19. hxg5 Qh3 20. Bd5 Nd4 21. cxd4 Rab8 22.
b3 exd4 23. Ng2 Ng3 24. Kf2 1-0

[Event "AUTO-ADV-2868"]
[Site "http://www.queenalice.com/game.php?id=1212584"]
[Date "2013.8.28"]
[Round "2"]
[White "hacamarguinho"]
[Black "Artking"]
[Result "0-1"]
[WhiteElo "1781"]
[BlackElo "1959"]

1. e4 c5 2. Nf3 a6 3. d4 cxd4 4. Nxd4 d6 5. Nc3 Nf6 6. Bd3 g6 7. O-O Bg7 8. Be3
Nc6 9. Qd2 Bd7 10. Rfe1 e5 11. Nxc6 bxc6 12. Bh6 O-O 13. Bg5 Qb6 14. b3 h6 15.
Be3 Qc7 16. Bxh6 Kh7 17. Bxg7 Kxg7 18. Nd1 Rh8 19. Bf1 Rad8 20. f3 d5 21. exd5
cxd5 22. Qg5 e4 23. f4 Qxc2 24. Nf2 Rh5 25. Qg3 Qc5 26. Kh1 Rdh8 27. h3 d4 28.
Nxe4 Nxe4 29. Rxe4 Bc6 30. Re5 Rxh3+ 0-1

[Event "AUTO-ADV-2868"]
[Site "http://www.queenalice.com/game.php?id=1212589"]
[Date "2013.8.28"]
[Round "2"]
[White "hacamarguinho"]
[Black "vindaloo"]
[Result "0-1"]
[WhiteElo "1607"]
[BlackElo "1746"]

1. e4 c5 2. Nf3 Nc6 3. Bb5 Qc7 4. d4 cxd4 5. Nxd4 a6 6. Bxc6 bxc6 7. O-O Nf6 8.
Nc3 e5 9. Nf5 d6 10. Bg5 Bxf5 11. exf5 Be7 12. Bxf6 Bxf6 13. Re1 d5 14. Qg4 O-O
15. Ne2 a5 16. b3 d4 17. Rad1 Rfe8 18. Ng3 c5 19. Nh5 Ra6 20. Nxf6+ Rxf6 21. Re4
c4 22. Qf4 g6 23. Qh6 Rxf5 24. Rh4 f6 25. Rg4 Qg7 26. Qxg7+ Kxg7 27. f3 h5 28.
Re4 c3 29. a4 Rh8 30. Kf2 h4 31. Ke2 Rfh5 0-1

[Event "AUTO-ADV-2868"]
[Site "http://www.queenalice.com/game.php?id=1212590"]
[Date "2013.8.28"]
[Round "2"]
[White "vindaloo"]
[Black "hacamarguinho"]
[Result "1-0"]
[WhiteElo "1756"]
[BlackElo "1597"]

1. e4 e5 2. Nf3 Nc6 3. Bb5 d6 4. Nc3 Bd7 5. d4 Bg4 6. h3 Bxf3 7. gxf3 a6 8. Be2
Nf6 9. d5 Na7 10. f4 Be7 11. fxe5 dxe5 12. Be3 Bb4 13. Qd3 O-O 14. Bd2 Bxc3 15.
Bxc3 Re8 16. Rg1 Nb5 17. Bd2 Nd4 18. O-O-O b5 19. Bf1 c6 20. f4 c5 21. c3 Rc8
22. cxd4 cxd4+ 23. Kb1 Re7 24. fxe5 Rxe5 25. Bf4 Rxe4 26. Qg3 Nh5 27. Qf3 Nf6
28. Bg5 Re3 29. Qg2 g6 30. h4 Qd6 31. h5 1-0

[Event "AUTO-OPEN-2962"]
[Site "http://www.queenalice.com/game.php?id=1225330"]
[Date "2013.10.17"]
[Round "2"]
[White "clovis"]
[Black "hacamarguinho"]
[Result "1-0"]
[WhiteElo "2000"]
[BlackElo "1621"]

1. e4 e5 2. Bc4 Nf6 3. Nc3 Bb4 4. Nf3 d6 5. O-O O-O 6. d3 Bg4 7. Bg5 Bxc3 8.
bxc3 a6 9. Rb1 b5 10. Bb3 c6 11. d4 Bxf3 12. Qxf3 Nbd7 13. Rfd1 1-0

[Event "AUTO-ADV-2984"]
[Site "http://www.queenalice.com/game.php?id=1226283"]
[Date "2013.10.21"]
[Round "1"]
[White "maurice91"]
[Black "hacamarguinho"]
[Result "1-0"]
[WhiteElo "1817"]
[BlackElo "1708"]

1. d4 d5 2. c4 Nf6 3. Nf3 c6 4. Nc3 Bg4 5. e3 e6 6. Ke2 Bxf3+ 7. gxf3 Be7 8. c5
O-O 9. Rg1 Nh5 10. e4 Qc7 11. e5 1-0

[Event "AUTO-ADV-2984"]
[Site "http://www.queenalice.com/game.php?id=1226284"]
[Date "2013.10.21"]
[Round "1"]
[White "hacamarguinho"]
[Black "maurice91"]
[Result "0-1"]
[WhiteElo "1721"]
[BlackElo "1804"]

1. e4 c6 2. Nf3 g6 3. Nc3 Bg7 4. d4 d5 5. e5 f5 6. Bd3 Qc7 7. Qe2 e6 8. O-O c5
9. Bb5+ Bd7 10. Bxd7+ Nxd7 0-1

[Event "AUTO-ADV-2984"]
[Site "http://www.queenalice.com/game.php?id=1226301"]
[Date "2013.10.21"]
[Round "1"]
[White "hacamarguinho"]
[Black "APSHOOTER"]
[Result "0-1"]
[WhiteElo "1663"]
[BlackElo "1540"]

1. e4 d5 2. exd5 Qxd5 3. Nc3 Qe5+ 4. Qe2 Nc6 5. Qxe5 Nxe5 6. d4 Nc6 7. Nf3 h6 8.
Bf4 Bd7 9. Bxc7 Bg4 10. Be2 Bxf3 0-1

[Event "AUTO-OPEN-3106"]
[Site "http://www.queenalice.com/game.php?id=1226649"]
[Date "2013.10.23"]
[Round "1"]
[White "hacamarguinho"]
[Black "josebaron"]
[Result "0-1"]
[WhiteElo "1696"]
[BlackElo "1969"]

1. e4 e5 2. Nf3 Nc6 3. Bb5 d6 4. Nc3 Bd7 5. d3 Be7 6. O-O Nf6 7. Bg5 a6 8. Bxc6
bxc6 9. b3 Bg4 10. h3 Bh5 0-1